| 000 | 01058cad a22002055a 4500 | ||
|---|---|---|---|
| 001 | E146798 | ||
| 008 | 090210e20090227xxk s000 0 eng d | ||
| 035 | _a(Sirsi) u146798 | ||
| 041 | 0 | _aeng | |
| 110 | 2 |
_aScotland _bScottish Government _95344 |
|
| 245 | 0 | 0 |
_aCarbon effective buildings _h[electronic resource] |
| 260 | _c2009 | ||
| 490 |
_aScottish Government News Release _v27 February 2009 |
||
| 520 | _aThe Scottish Government has announced that new building standards will be introduced in October 2010 which will cut carbon emissions in domestic and non-domestic properties by 30% beyond current requirements. The proposals spring from recommendations made in the Sullivan report (see E141819), and will be the subject of a detailed consultation in Summer 2009. | ||
| 590 | _aKA | ||
| 651 | 4 |
_aScotland _y1999- |
|
| 690 | _aENVIRONMENTAL AND LAND CONSULTANCY-ENERGY-ENERGY USE-ENERGY EFFICIENCY | ||
| 856 | 4 | 0 |
_uhttps://www.scotland.gov.uk/News/Releases/2009/02/27100945 _zView the news release free of charge at www.scotland.gov.uk... |
| 942 | _n0 | ||
| 999 |
_c81292 _d81292 |
||